000 00602nam a2200121Ia 4500
008 220615s9999||||xx |||||||||||||| ||und||
100 _aDavis, James W.
245 0 _aChapter 9 I Think, Therefore IR? Psychology, Biology and the Notion of Praxis
546 _aEnglish[eng]
650 _aFriedrich Kratochwil; international law; international politics; international relations theory; Practice theory; praxis; Theorizing
856 _uhttps://library.oapen.org/bitstream/20.500.12657/53784/1/9781529220490_9.pdf||https://library.oapen.org/bitstream/20.500.12657/53784/1/9781529220490_9.pdf
942 _cEB
999 _c14972
_d14972